Every NBA Player to Average 20+PPG in the 2022-2023 Season - Statistics

General Stats
  • This quiz has been taken 23 times
  • The average score is 35 of 43
Answer Stats
Average Team Player % Correct
31.1 Bucks Giannis Antetokounmpo
100%
33.1 76ers Joel Embiid
100%
24.6 Timberwolves Anthony Edwards
95%
32.2 Trailblazers Damian Lillard
95%
28.3 Cavaliers Donovan Mitchell
95%
24.0 Knicks Jalen Brunson
95%
21.0 76ers James Harden
95%
26.2 Grizzlies Ja Morant
95%
26.6 Celtics Jaylen Brown
95%
30.1 Celtics Jaysom Tatum
95%
22.9 Heat Jimmy Butler
95%
27.1 Mavericks Kyrie Irving
95%
32.4 Mavericks Luka Doncic
95%
24.5 Nuggets Nikola Jokic
95%
31.4 Thunder Shai Gilgeous-Alexander
95%
26.2 Hawks Trae Young
95%
20.0 Nuggets Jamal Murray
91%
25.0 Kings De'Aaron Fox
86%
20.5 Hawks Dejounte Murray
86%
24.5 Bulls DeMar DeRozan
86%
25.6 Jazz Lauri Markkanen
86%
25.1 Knicks Julius Randle
82%
21.9 Warriors Klay Thompson
82%
20.1 Nets Mikal Bridges
82%
24.2 Raptors Pascal Siakam
82%
20.1 Heat Tyler Herro
82%
20.3 76ers Tyrese Maxey
82%
24.8 Bulls Zach LaVine
82%
20.4 Heat Bam Adebayo
77%
20.9 Pelicans CJ McCollum
77%
22.1 Rockets Jalen Green
77%
21.2 Wizards Kyle Kuzma
77%
21.6 Cavaliers Darius Garland
73%
20.4 Warriors Jordan Poole
73%
20.0 Magic Paolo Banchero
73%
21.5 Grizzlies Desmond Bane
68%
22.0 Spurs Keldon Johnson
68%
21.1 Trailblazers Anfernee Simons
59%
20.8 Jazz Jordan Clarkson
59%
23.2 Wizards Kristaps Porzingis
50%
20.5 Trailblazers Jerami Grant
45%
21.1 Hornets Terry Rozier
45%
21.6 Pistons Bojan Bogdanovic
32%
No matching quizzes found
Score Distribution
Percent of People with Each Score
Percentile by Number Answered
Your Score History
You have not taken this quiz